000 00967nam a22002897a 4500
001 6957
003 FISKH
005 20250611154700.0
008 250611b cb ||||| |||| 00| 0 eng d
020 _a9780746062104
040 _aFISKH
_beng
_cFISKH
_dFISKH
050 _aPZ7
082 _a823.914
100 _aAmery, Heather
245 _aSurprise visitors /
_cHeather Amery ; illustrated b y Stephen Cartwrigtht
250 _aThis edtion published in 2004.
260 _aLondon :
_bUsborne Publishing,
_c1989.
300 _a16 unnumberd pages :
_bcolor illustrations ;
_c21 cm
505 _aG
520 _aA charming story from the Farmyard Tales series featuring much-loved characters Poppy and Sam, illustrated by Stephen Cartwright.
521 8 _a300
_bLexile estimate
521 8 _aG
_bRaz-Plus
650 _aPicture book
_vChildren's book
700 _aCartwrigtht, Stephen
_eillustrator
942 _2ddc
_cBK
_n0
999 _c6957
_d6957